[Event "Botvinnik Cup 2018"]
[Site "Moscow"]
[Date "2018.08.11"]
[Round "3"]
[White "Kovalev, Vladislav"]
[Black "Skatchkov, Valery"]
[Result "1-0"]
[WhiteElo "2667"]
[BlackElo "2305"]
[Annotator "TA"]
[PlyCount "81"]
[EventDate "2018.08.10"]
[EventCountry "RUS"]
[SourceTitle "playchess.com"]
[Source "ChessBase"]
[SourceQuality "1"]

{[%evp 12,81,17,12,3,14,21,-4,6,0,6,-18,-8,-37,-37,-47,-27,-27,-18,-26,-21,-18,-20,-27,0,12,27,31,33,31,75,79,152,131,170,28,170,157,173,175,185,179,185,185,178,131,210,192,183,168,208,195,288,272,303,293,291,246,383,369,385,315,476,474,467,485,6479,6395,12841,12839,12842,337]} 1. e4 e5 2. Nf3 Nf6 3. Nxe5 d6 4. Nc4 Nxe4 5. Qe2 Qe7 6. Ne3 c6 {C42: Petroff Defence: 3 Nxe5 and unusual White 3rd moves} (6... Nf6 7. b3 Nbd7 8. Bb2 c6 9. g3 g6 10. Bh3 Bg7 11. Nc4 Qxe2+ 12. Kxe2 Ke7 13. Re1 Nb6 14. Kf1+ Be6 {½-½ (56) Mamedov,R (2708)-Rakhmanov,A (2627) Ankara 2018}) 7. b3 {LiveBook: 13 Games} Qf6 8. c3 $1 Be7 {The position is equal.} 9. Bb2 d5 10. d3 Nd6 $146 {[%cal Be4d6,Bd6f5,Bf5e3][%mdl 32]} ({Predecessor:} 10... Nc5 11. Nd2 Bf5 12. Nxf5 Qxf5 13. O-O-O Qe6 14. Qxe6 Nxe6 {½-½ (41) Vykouk,J (2430)-Neuman,P (2449) Czech Republic 2017}) 11. Nd2 O-O 12. Nf3 Nf5 13. g3 Re8 14. Bg2 Ba3 15. O-O Bxb2 16. Qxb2 Nxe3 17. Rae1 Qh6 18. Qd2 Bh3 19. Bxh3 $40 {[%mdl 128] White has some attack.} Qxh3 {[%csl Ge3][%cal Rh3g2] [#]} 20. Rxe3 {[%cal Re3e8]} Nd7 21. Rfe1 Nf6 (21... Rxe3 $142 22. Rxe3 Qf5) 22. Rxe8+ $16 Rxe8 23. Rxe8+ Nxe8 24. Qe3 {[%cal Re3e8] [#]} Qd7 25. Qxa7 f6 26. b4 Nd6 27. Qb8+ Kf7 28. Nd4 Kg6 (28... Nb5 $16) 29. a4 $18 {[%cal Ba2a4,Ba4a5][%mdl 32]} Nf7 30. Nf3 Ng5 31. Nxg5 Kxg5 {[%mdl 4096] Endgame KQ-KQ} (31... fxg5 {might work better.} 32. h3 Qe7) 32. a5 Kg6 33. Qa7 {Threatens to win with a6.} Qc8 34. Kg2 h5 (34... Kh6 $142 35. Qe3+ g5) 35. h4 Kh7 36. Qe3 Qf5 (36... Qd7 {is a better defense.} 37. Qa7 Qc8) 37. Qf3 {White is clearly winning.} Qe5 38. c4 Qc3 (38... dxc4 $142 39. dxc4 Qe6) 39. cxd5 Qxb4 40. dxc6 bxc6 41. Qxh5+ $2 {Precision: White = 83%, Black = 23%.} (41. Qe4+ Qxe4+ 42. dxe4) 1-0

[Event "Botvinnik Cup 2018"]
[Site "Moscow"]
[Date "2018.08.11"]
[Round "3"]
[White "Korotylev, Alexey"]
[Black "Tsaruk, Maksim"]
[Result "0-1"]
[WhiteElo "2573"]
[BlackElo "2192"]
[Annotator "TA"]
[PlyCount "76"]
[EventDate "2018.08.10"]
[EventCountry "RUS"]
[SourceTitle "playchess.com"]
[Source "ChessBase"]
[SourceQuality "1"]

{[%evp 19,76,-13,0,-9,18,8,62,53,52,12,63,8,3,0,0,-47,-23,-50,0,-24,0,-19,-26,-10,27,-102,-102,-109,-116,-335,-291,-520,-522,-784,-754,-833,-716,-689,-573,-1058,-701,-1027,-1026,-1018,-955,-850,-417,-408,-429,-547,-531,-575,-550,-1474,-1226,-29988,-29989,-29990,-29991]} 1. d4 Nf6 2. c4 e6 3. Nf3 b6 4. Nc3 Bb7 5. a3 d5 6. Bg5 Nbd7 7. cxd5 exd5 8. Qa4 {E12: Queen's Indian: Unusual White 4th moves, 4 a3, 4 Nc3 Bb7 5 a3 and 4 Nc3 Bb7} Be7 9. Bxf6 Bxf6 10. g3 a6 {LiveBook: 4 Games} 11. Rd1 Qe7 $146 ({Predecessor:} 11... O-O 12. Bh3 b5 13. Qc2 Nb6 14. O-O Qd6 15. Na2 Rfe8 16. Nc1 a5 {1-0 (71) Olszewski,M (2559)-Abasov,N (2505) Warsaw 2009}) 12. Bg2 O-O-O (12... b5 $11 13. Qc2 O-O) 13. O-O $14 h5 14. b4 g5 ({Better is} 14... Kb8 $11) 15. b5 (15. Nd2 $1 $14) 15... a5 $1 $11 16. Qb3 Nf8 17. Rd3 Ne6 {next ...g4 is good for Black.} 18. e3 Rd7 19. Rc1 Bg7 20. Na4 {Nxb6+ is the strong threat.} Kb8 21. Rdc3 h4 22. Nb2 (22. g4 $1 $11 {keeps the balance.}) 22... hxg3 $17 23. hxg3 g4 24. Ne1 $2 {[#]} (24. Nh4 $17 {might work better.}) 24... Bxd4 $1 $19 {[%mdl 512]} 25. Rc6 $2 (25. exd4 Nxd4 26. Qd1 Ne2+ 27. Kf1) 25... Nc5 26. Qc2 Bxe3 27. Rd1 Bxc6 28. bxc6 Rd6 29. fxe3 Qe5 30. Qf2 Ne4 31. Bxe4 Qxe4 {[%csl Ge4][%cal Rh8h1]} 32. Ng2 Rdh6 (32... Rh3 $142 {aiming for ...Rdh6.} 33. Qxf7 Rxg3) 33. Nh4 Rxc6 34. Nd3 Rc3 35. Qd2 Rxa3 36. Qb2 Qxe3+ 37. Nf2 Qxg3+ 38. Ng2 Rh2 {Precision: White = 19%, Black = 51%.} 0-1

[Event "Botvinnik Cup 2018"]
[Site "Moscow"]
[Date "2018.08.11"]
[Round "3"]
[White "Korotylev, Alexey"]
[Black "Zeliantsova, Kseniya"]
[Result "1-0"]
[WhiteElo "2573"]
[BlackElo "1804"]
[Annotator "TA"]
[PlyCount "85"]
[EventDate "2018.08.10"]
[EventCountry "RUS"]
[SourceTitle "playchess.com"]
[Source "ChessBase"]
[SourceQuality "1"]

{[%evp 27,85,-39,-40,-57,-64,-90,-75,-89,-108,-114,-5,-14,-12,-21,-18,-70,246,0,0,-49,-52,-60,-55,-56,-50,-66,-64,-53,-36,-34,0,0,0,0,33,17,139,143,512,554,470,468,307,169,423,387,436,352,345,352,1125,811,1108,382,29995,29996,29996,29997,29997,29996]} 1. Nf3 Nf6 2. c4 g6 3. Nc3 Bg7 4. e4 d6 5. d4 O-O 6. Be2 c5 7. d5 e6 8. Nd2 Re8 9. O-O Na6 {[%cal Bb8a6,Ba6c7,Bc7b5][%mdl 32]} 10. Kh1 Nc7 {E91: Königsindisch (Klassisches System)} (10... Bd7 11. f3 Nh5 12. f4 Qh4 13. Bxh5 Qxh5 14. Qxh5 gxh5 15. dxe6 fxe6 16. Nb5 Bxb5 17. cxb5 Nb4 18. Nc4 {½-½ (26) Beliavsky,A (2547)-Ivanisevic,I (2611) Mali Losinj 2017}) 11. a4 a6 12. f4 exd5 13. cxd5 Rb8 14. a5 Bd7 {LiveBook: 10 Partien} 15. Bf3 Nb5 16. e5 $146 ({Vorgänger:} 16. Re1 Nd4 17. Nc4 Bb5 18. Na3 Qxa5 19. Be3 Qb4 20. Bxd4 cxd4 21. Ncxb5 axb5 {½-½ (48) Perez Fernandez,J (2178)-Iriarte Gomez,E (2249) ICCF email 2006}) 16... dxe5 17. fxe5 Rxe5 18. Nc4 Re8 (18... Rf5 $17 19. Ne2 Nd4 $1 {[%mdl 512]} 20. Nxd4 cxd4) 19. Bf4 $11 Nxc3 20. bxc3 Bb5 21. Nd6 (21. Qb3 $1 $11) 21... Ra8 $2 {[%mdl 8192]} (21... Bxf1 $15 {bleibt weiter vorne.} 22. Nxe8 Nxe8 23. Qxf1 Bxc3) 22. Nxe8 $2 (22. c4 $18) 22... Nxe8 23. Rf2 Bxc3 24. Rc1 Bd4 25. Rd2 Qf6 26. Bg3 $1 {[%cal Bf4g3,Bg3f2,Bf2d4,Bd4c3,Bc3b4][%mdl 32]} Be3 27. Bf2 Bxd2 28. Qxd2 c4 29. Bd4 Qd6 30. Bc3 Rd8 31. Re1 {[%mdl 1024] Weiss hat Kompensation.} f6 {[#]} (31... Ng7 $1 $11) 32. Bb4 $1 $40 {[%cal Rb4d6][%mdl 128] Weiss geht auf den König.} Qd7 $2 {[%mdl 8192]} (32... c3 $16 33. Qxc3 Qf4) 33. Re7 $18 {Droht Dh6 und aus.} Qf5 34. h3 {Droht Matt per Dh6.} g5 35. Rxb7 (35. Qe1 $142) 35... Bc6 $2 (35... Nd6 36. Re7 Nc8) 36. Re7 Ng7 {[%cal Rc6d5]} 37. Be4 Qf1+ 38. Kh2 h6 $2 (38... Ba8 39. Bc3 h6) 39. Bf3 Bb5 40. Qd4 $2 (40. Qc3 Nh5 41. Bxh5) 40... Ne8 $2 (40... Qc1 $18 41. Qxf6 Qf4+ 42. Qxf4 gxf4) 41. Qe4 {Weiß setzt Matt.} Qd3 42. Qe6+ Kh8 43. Be4 {Precision: Weiß = 51%, Schwarz = 22%.} 1-0

[Event "Botvinnik Cup 2018"]
[Site "Moscow"]
[Date "2018.08.11"]
[Round "3"]
[White "Paichadze, Luka"]
[Black "Mailebayev, Sanzhar"]
[Result "1-0"]
[WhiteElo "2564"]
[BlackElo "1820"]
[Annotator "ChessBase"]
[PlyCount "77"]
[EventDate "2018.08.10"]
[EventCountry "RUS"]
[SourceTitle "playchess.com"]
[Source "ChessBase"]
[SourceQuality "1"]
[TimeControl "5400+30"]

1. e4 {[%emt 0:02:39]} e5 {[%emt 0:00:00]} 2. Nc3 {[%emt 0:00:10]} Nf6 {[%emt 0:00:23]} 3. g3 {[%emt 0:00:59]} Nc6 {[%emt 0:01:07]} 4. Bg2 {[%emt 0:01:02]} Bc5 {[%emt 0:01:34]} 5. Nf3 {[%emt 0:00:26]} d6 {[%emt 0:00:48]} 6. O-O {[%emt 0:00:20]} O-O {[%emt 0:00:32]} 7. d3 {[%emt 0:00:12]} a6 {[%emt 0:06:17]} 8. Be3 {[%emt 0:00:41]} Ba7 {[%emt 0:02:05]} 9. Bxa7 {[%emt 0:00:22]} Rxa7 {[%emt 0:01:06]} 10. h3 {[%emt 0:00:07]} d5 {[%emt 0:33:34]} 11. exd5 {[%emt 0:00:45]} Nxd5 {[%emt 0:00:05]} 12. Re1 {[%emt 0:00:42]} Nxc3 {[%emt 0:01:44]} 13. bxc3 {[%emt 0:00:07]} Re8 {[%emt 0:04:55]} 14. Nd2 {[%emt 0:10:28]} Be6 {[%emt 0:03:31]} 15. c4 {[%emt 0:00:22]} f6 {[%emt 0:00:32]} 16. Nb3 {[%emt 0:00:48]} Qd6 {[%emt 0:03:12]} 17. Qd2 {[%emt 0:02:00]} b6 {[%emt 0:06:09]} 18. Qc3 {[%emt 0:08:51]} Qd7 {[%emt 0:10:03]} 19. Kh2 {[%emt 0:07:30]} Ne7 {[%emt 0:03:50]} 20. d4 {[%emt 0:02:03]} exd4 {[%emt 0:02:39]} 21. Nxd4 {[%emt 0:00:11]} Bf7 {[%emt 0:00:13]} 22. Rad1 {[%emt 0:05:24]} c5 {[%emt 0:05:40]} 23. Nc6 {[%emt 0:01:33]} Qc7 {[%emt 0:00:09]} 24. Nxa7 {[%emt 0:02:12]} Qxa7 {[%emt 0:00:05]} 25. Rd6 {[%emt 0:00:36]} b5 {[%emt 0:02:18]} 26. Qa5 {[%emt 0:03:21]} Bxc4 {[%emt 0:03:14]} 27. Rxa6 {[%emt 0:01:20]} Qd7 {[%emt 0:00:19]} 28. Ra7 {[%emt 0:02:53]} Qd6 {[%emt 0:00:16]} 29. Qc7 {[%emt 0:01:03]} Qxc7 {[%emt 0:03:15]} 30. Rxc7 {[%emt 0:00:22]} Kf8 {[%emt 0:00:04]} 31. a3 {[%emt 0:00:01]} Nf5 {[%emt 0:00:33]} 32. Rxe8+ {[%emt 0:00:16]} Kxe8 {[%emt 0:00:04]} 33. Rxc5 {[%emt 0:00:46]} Nd4 {[%emt 0:00:06]} 34. a4 {[%emt 0:01:53]} Be2 {[%emt 0:00:33]} 35. axb5 {[%emt 0:00:10]} Nxb5 {[%emt 0:00:07]} 36. Bc6+ {[%emt 0:00:03]} Kf8 {[%emt 0:00:16]} 37. Bxb5 {[%emt 0:00:38]} Bxb5 {[%emt 0:00:06]} 38. Rxb5 {[%emt 0:00:02]} Kg8 {[%emt 0:00:25]} 39. Rb7 {[%emt 0:00:06]} 1-0

[Event "Botvinnik Cup 2018"]
[Site "Moscow"]
[Date "2018.08.11"]
[Round "3"]
[White "Paichadze, Luka"]
[Black "Igen, Amir"]
[Result "1-0"]
[WhiteElo "2564"]
[BlackElo "1778"]
[Annotator "TA"]
[PlyCount "73"]
[EventDate "2018.08.10"]
[EventCountry "RUS"]
[SourceTitle "playchess.com"]
[Source "ChessBase"]
[SourceQuality "1"]

{[%evp 16,73,-6,-14,6,0,4,7,0,0,0,0,-12,0,436,445,485,448,455,434,466,475,565,552,611,634,609,597,643,646,616,598,647,643,633,622,953,927,906,887,1132,1143,1561,1535,1476,823,759,668,1085,847,1148,930,1291,1293,1249,1168,1160,1146,3655,2937]} 1. e4 e6 2. d3 Nc6 3. Nf3 d5 4. Qe2 dxe4 (4... Nf6 5. Bf4 dxe4 6. dxe4 Nd4 7. Qc4 Nxf3+ 8. gxf3 c6 9. Qc3 Nh5 10. Be3 Qf6 11. e5 Qh4 {0-1 (34) Huschenbeth,N (2585)-Meier,G (2644) Dresden 2017}) 5. dxe4 e5 6. g3 {C00: French: Unusual White 2nd moves} Nf6 7. Bg2 Bc5 8. O-O O-O 9. h3 {LiveBook: 3 Games} h6 10. Rd1 $146 ({Predecessor:} 10. c3 a5 11. a4 b6 12. Nbd2 {0-1 (32) Leal,P-McKenna,J (2120) Manchester 1997}) 10... Qe7 11. Nc3 Nd4 12. Nxd4 Bxd4 13. Nd5 Nxd5 14. exd5 {Threatens to win with Rxd4!} f5 $2 {[%mdl 8192] [#]} (14... Bc5 $11) 15. Rxd4 $1 $18 {[%mdl 512] White is clearly winning.} Qf6 (15... exd4 16. Qxe7) 16. Rd1 f4 {Now ...f3 and Black clings on.} 17. Qe1 f3 18. Bf1 h5 19. h4 Bg4 20. Bg5 Qd6 21. c4 Rae8 22. b4 Qd7 23. c5 Bh3 {[#]} 24. c6 $1 Qg4 (24... bxc6 25. dxc6) 25. cxb7 e4 26. Rd4 {[%cal Bd1d4,Bd4e4,Be4e5,Be5e7][%mdl 32]} Bxf1 27. Qxf1 Qf5 28. Re1 Re5 29. Bf4 Ree8 30. b8=Q Rxb8 31. Rdxe4 Rbd8 32. Re5 Qc8 33. R1e4 Rd7 34. Qd3 Rdf7 35. Qxf3 Qd7 36. Qxh5 Qa4 37. Re7 {Precision: White = 97%, Black =  5%.} 1-0

[Event "Botvinnik Cup 2018"]
[Site "Moscow"]
[Date "2018.08.11"]
[Round "3"]
[White "Vaganian, Rafael A"]
[Black "Babazada, Khazar"]
[Result "1/2-1/2"]
[WhiteElo "2546"]
[BlackElo "2229"]
[Annotator "ChessBase"]
[PlyCount "68"]
[EventDate "2018.08.10"]
[EventCountry "RUS"]
[SourceTitle "playchess.com"]
[Source "ChessBase"]
[SourceQuality "1"]
[TimeControl "5400+30"]

1. d4 {[%emt 0:00:00]} Nf6 {[%emt 0:06:03]} 2. Bg5 {[%emt 0:00:23]} d5 {[%emt 0:01:56]} 3. e3 {[%emt 0:00:15]} Nbd7 {[%emt 0:00:56]} 4. Nf3 {[%emt 0:04:03]} e6 {[%emt 0:00:08]} 5. Bd3 Be7 {[%emt 0:00:02]} 6. Nbd2 {[%emt 0:02:48]} O-O {[%emt 0:01:51]} 7. O-O {[%emt 0:01:34]} b6 {[%emt 0:01:42]} 8. a4 {[%emt 0:04:07]} c5 {[%emt 0:01:18]} 9. c3 {[%emt 0:07:11]} Bb7 {[%emt 0:03:04]} 10. Ne5 {[%emt 0:03:49]} Nxe5 {[%emt 0:01:43]} 11. dxe5 Ne4 {[%emt 0:03:01]} 12. Bxe7 {[%emt 0:06:00]} Qxe7 {[%emt 0:00:00]} 13. f4 {[%emt 0:02:42]} Nxd2 {[%emt 0:03:57]} 14. Qxd2 {[%emt 0:00:05]} f5 {[%emt 0:00:25]} 15. a5 {[%emt 0:01:20]} Rfd8 {[%emt 0:00:45]} 16. Be2 {[%emt 0:00:43]} Bc6 {[%emt 0:02:23]} 17. Bf3 {[%emt 0:09:48]} g5 {[%emt 0:01:43]} 18. h3 {[%emt 0:00:57]} Kh8 {[%emt 0:01:04]} 19. c4 {[%emt 0:04:24]} dxc4 {[%emt 0:02:23]} 20. Qe2 {[%emt 0:06:32]} Bxf3 {[%emt 0:02:12]} 21. Qxf3 {[%emt 0:00:33]} b5 {[%emt 0:01:13]} 22. Rad1 {[%emt 0:00:51]} gxf4 {[%emt 0:00:47]} 23. Qxf4 {[%emt 0:00:43]} Rd3 {[%emt 0:01:22]} 24. e4 {[%emt 0:02:16]} Rad8 {[%emt 0:00:45]} 25. Rxd3 {[%emt 0:00:59]} cxd3 {[%emt 0:00:16]} 26. exf5 {[%emt 0:00:01]} exf5 {[%emt 0:00:05]} 27. Qxf5 {[%emt 0:00:01]} d2 {[%emt 0:00:26]} 28. Rd1 {[%emt 0:00:06]} c4 {[%emt 0:04:28]} 29. e6 {[%emt 0:00:00]} Qg7 {[%emt 0:03:10]} 30. Qf4 {[%emt 0:00:23]} Qd4+ {[%emt 0:04:29]} 31. Qxd4+ {[%emt 0:00:05]} Rxd4 {[%emt 0:00:01]} 32. e7 {[%emt 0:00:36]} Re4 {[%emt 0:00:01]} 33. Rxd2 {[%emt 0:00:02]} Rxe7 {[%emt 0:00:07]} 34. a6 {[%emt 0:00:48]} Re1+ {[%emt 0:06:05]} 1/2-1/2

[Event "Botvinnik Cup 2018"]
[Site "Moscow"]
[Date "2018.08.11"]
[Round "3"]
[White "Vaganian, Rafael A"]
[Black "Allahverdiyeva, Ayan"]
[Result "1-0"]
[WhiteElo "2546"]
[BlackElo "2046"]
[Annotator "TA"]
[PlyCount "213"]
[EventDate "2018.08.10"]
[EventCountry "RUS"]
[SourceTitle "playchess.com"]
[Source "ChessBase"]
[SourceQuality "1"]

{[%evp 15,213,29,62,30,22,-14,-13,-1,18,15,16,16,24,26,156,148,202,122,112,71,87,94,94,82,122,116,114,113,126,122,122,112,294,302,296,282,397,124,103,104,152,153,141,115,245,224,280,229,284,239,254,217,244,236,336,140,97,93,102,101,166,162,166,178,174,152,387,385,380,369,429,387,410,389,332,304,400,385,436,421,475,417,717,737,730,717,1652,1556,1542,1279,1930,1807,1843,1617,1679,1644,1775,1613,1821,1573,5026,2836,29961,29964,29965,29966,6111,82,82,82,82,8,8,8,8,8,70,8,8,8,8,8,8,8,71,71,71,71,71,71,71,71,71,71,71,71,71,63,71,71,71,71,71,71,71,71,71,71,81,64,64,64,64,57,57,57,70,70,88,71,71,64,64,50,70,70,70,70,71,41,41,43,41,0,43,43,50,50,50,50,50,43,50,27,27,27,27,31,33,19,29994,29995,29995,29996,29996,29997,29997,29998,29998,29999]} 1. Nf3 e6 2. g3 d5 3. Bg2 c5 4. O-O Nc6 5. d4 Nf6 6. c4 Be7 7. dxc5 Bxc5 8. a3 a5 {LiveBook: 33 Games} 9. Qc2 {E06: Closed Catalan: Early deviations} d4 10. Bf4 O-O 11. Nbd2 {The position is equal.} Bd6 $146 ({Predecessor:} 11... Nh5 12. Nb3 Nxf4 13. Nxc5 Nxg2 14. Kxg2 e5 15. b4 {0-1 (28) Tadic,B (2472)-Debashis,D (2472) chess.com INT 2017}) 12. Bxd6 Qxd6 13. c5 Qe7 $1 14. b4 {[%cal Bb2b4,Bb4b5,Bb5b6,Bb6b7][%mdl 32]} Bd7 (14... axb4 $11 15. axb4 Nxb4) 15. b5 $16 Na7 (15... Nd8 $16) 16. c6 (16. Nxd4 Nxb5 17. e3 Nxd4 $11) 16... bxc6 17. b6 Nb5 18. a4 $1 {[%cal Ra4b5]} Nc3 19. Nxd4 Qb4 20. b7 $1 {[%cal Rb7a8]} (20. Nxc6 $2 Bxc6 21. Bxc6 Rac8 $19) 20... Rab8 21. Rfc1 ({Not} 21. Nxc6 $2 Bxc6 22. Bxc6 Nxe2+ 23. Kg2 Nd4 $19) 21... Nfd5 22. Bxd5 $1 Nxd5 23. N4b3 {Strongly threatening Nc5.} Rxb7 $2 (23... Qxb7 $16 24. Nxa5 Qa7) 24. Nc5 $18 Ra7 25. e4 Ne7 {[#]} (25... Qb8 $142 26. exd5 cxd5) 26. Rab1 $2 (26. Qd3 $1 $18 Qb6 27. Nxd7) 26... Qd4 $16 27. Ndb3 {[%cal Bd2b3,Bb3a5,Ba5c4,Bc4e3][%mdl 32]} Qf6 {[#]} 28. Nxa5 $1 {[%mdl 512]} Bc8 (28... Rxa5 29. Nxd7) 29. Nc4 e5 (29... Qg5 $16 {was necessary.}) 30. Rb8 $18 Bh3 31. Rxf8+ Kxf8 32. Qb2 Ra8 33. Qxe5 ({Don't take} 33. Nxe5 Kg8 $18) 33... Qf3 {[%csl Gh3][%cal Rf3g2]} 34. Ne3 Rd8 (34... Ng6 {was called for.} 35. Qd6+ Kg8) 35. g4 $40 {[%mdl 128] Black is in trouble.} (35. a5 $18 {has better winning chances.}) 35... Bxg4 $16 36. Qg3 Qxg3+ 37. hxg3 Be2 (37... h5 $16 {was worth a try.}) 38. Rc2 $18 Bf3 39. a5 Nc8 40. g4 Nd6 $2 (40... Na7 $16 {might work better.} 41. Kh2 h5) 41. Rd2 Ke8 {[#]} 42. Nf5 $1 Nb5 ({Avoid the trap} 42... Nxf5 $2 43. Rxd8+ Kxd8 44. a6 $18) 43. Nxg7+ Ke7 44. Nf5+ Ke8 45. Rxd8+ Kxd8 {[%mdl 4096] Endgame KBN-KNN} 46. g5 Kc7 47. Kh2 Nc3 48. e5 Ne4 (48... Ne2 $142 49. Kh3 Bh5) 49. Nxe4 Bxe4 {KB-KN} 50. Nd6 Bd5 51. Kg3 c5 52. Kf4 Kb8 53. Ke3 Ka7 54. Nb5+ Kb7 55. f4 Bb3 56. Nd6+ Ka6 57. Ne4 Kxa5 58. Nxc5 Ba2 59. f5 Kb6 60. e6 fxe6 61. f6 $2 (61. Nxe6 $18 {is the precise move to win.} Kc6 62. Nf8) 61... e5 $16 62. Nd7+ Kc7 63. Nf8 (63. Nxe5 $16 Kd6 64. Kf4) 63... Bf7 $11 64. Ke4 Kd6 65. Kf5 Bb3 (65... Bg8 $1 $11) 66. Kg4 ({Better is} 66. Nxh7 $14 Be6+ 67. Kg6) 66... Bf7 67. Nxh7 e4 68. Kf5 {g6 is the strong threat.} e3 69. g6 Bxg6+ (69... Be6+ $11 70. Kf4 e2) 70. Kxg6 {KN-KP} e2 71. f7 e1=Q {Hoping for ...Qe6+.} 72. f8=Q+ Qe7 73. Qb8+ Qc7 74. Qb3 Qc1 75. Nf6 {And now Qb8+ would win.} Qg1+ 76. Kh6 Qc1+ 77. Kh7 Qh1+ 78. Kg7 Qg1+ 79. Kf8 Qf2 80. Qd5+ Kc7 81. Ke7 Qe1+ 82. Ne4 Qh4+ 83. Ng5 Qb4+ 84. Ke6 Qf8 85. Qd7+ Kb6 86. Nf7 Qb4 87. Qd8+ Ka7 88. Qd3 Qg4+ 89. Ke7 Qb4+ 90. Nd6 Qh4+ 91. Kd7 Qg4+ 92. Kc6 Qg2+ 93. Kb5 Qb2+ 94. Kc6 Qg2+ 95. Kc5 Qf2+ 96. Kd5 {Threatening mate with Qh7+.} Qg2+ 97. Ne4 Qa2+ 98. Kd4 Qa1+ 99. Nc3 Qg1+ 100. Kc4 Qg8+ 101. Kb4 {Threatens to win with Nb5+.} Qg4+ 102. Ka5 {White wants to mate with Nb5+.} Qg5+ $2 {[%mdl 8192]} (102... Kb7 $11) 103. Nb5+ {White mates.} Ka8 104. Qe4+ Kb8 105. Qe8+ Kb7 106. Qd7+ Kb8 107. Qc7+ {Precision: White = 68%, Black = 43%.} 1-0

[Event "Botvinnik Cup 2018"]
[Site "Moscow"]
[Date "2018.08.11"]
[Round "3"]
[White "Khusnutdinov, Rustam"]
[Black "Tsotsonava, Elene"]
[Result "1-0"]
[WhiteElo "2470"]
[BlackElo "1701"]
[Annotator "TA"]
[PlyCount "73"]
[EventDate "2018.08.10"]
[EventCountry "RUS"]
[SourceTitle "playchess.com"]
[Source "ChessBase"]
[SourceQuality "1"]

{[%evp 18,73,25,5,16,0,51,56,58,56,69,64,90,87,95,92,79,79,72,80,187,167,466,472,454,443,882,872,905,958,2028,700,662,655,690,715,970,951,993,973,4591,4898,4603,5002,4591,4927,2010,1979,29947,29952,11526,11017,7386,7181,6303,6223,6115,5942]} 1. e4 c5 2. Nf3 Nc6 3. Bb5 g6 4. Bxc6 bxc6 5. O-O Bg7 6. Re1 Nf6 7. e5 Nd5 8. c4 {B31: Sizilianisch (Rossolimo-Variante)} Nc7 9. b3 (9. d4 cxd4 10. Qxd4 Ne6 11. Qh4 d6 12. exd6 Qxd6 13. Nc3 h5 14. Bd2 O-O 15. Ne4 Qc7 16. Bc3 f6 17. Qg3 Qxg3 18. hxg3 Rd8 {½-½ (56) Anand,V (2783)-Kasparov,G (2812) Saint Louis 2017}) 9... O-O 10. Bb2 {LiveBook: 3 Partien. Weiß hat minimalen Vorteil.} Ne6 11. Nc3 Rb8 $146 (11... f6 $11) ({Vorgänger:} 11... d6 12. Na4 dxe5 13. Bxe5 Nd4 14. Nxd4 cxd4 15. Bxg7 Kxg7 16. Qf3 Qd6 17. Qe4 {0-1 (53) Chen,Q (2359)-Xu,Y (2499) Shanghai 2018}) 12. Na4 d6 13. d4 cxd4 14. Nxd4 Qc7 15. exd6 exd6 16. Nxe6 Bxe6 17. Bxg7 Kxg7 18. Nc3 Bf5 (18... d5 $16) 19. g4 $18 Be6 $2 {[#]} (19... Bc8 20. Qd4+ f6) 20. Qd4+ Kg8 21. Ne4 f5 (21... Rfd8 $142 22. Nf6+ Kf8 23. Nxh7+ Kg8 24. Nf6+ Kf8) 22. Nf6+ Kf7 23. Nxh7 Qe7 24. f4 (24. Rxe6 $142 Qxe6 25. Ng5+ Ke7 26. Nxe6 Kxe6 27. Re1+ Kf7 28. Qxa7+ Kg8 29. Re7) 24... Kg8 25. Nxf8 Rxf8 26. g5 Qd7 27. Rad1 d5 28. Re3 Qf7 29. Rde1 Re8 30. cxd5 cxd5 {[#]} 31. Qxd5 $3 {[%mdl 512]} Bxd5 32. Rxe8+ Qxe8 33. Rxe8+ {KT-KL} Kf7 34. Re5 {Weiß steht klar auf Gewinn.} Bb7 35. Rc5 Ke6 36. Rc7 Be4 37. Rxa7 {Precision: Weiß = 89%, Schwarz = 29%.} 1-0

[Event "Botvinnik Cup 2018"]
[Site "Moscow"]
[Date "2018.08.11"]
[Round "3"]
[White "Khusnutdinov, Rustam"]
[Black "Qalichava, Akaki"]
[Result "1-0"]
[WhiteElo "2470"]
[BlackElo "1874"]
[Annotator "TA"]
[PlyCount "55"]
[EventDate "2018.08.10"]
[EventCountry "RUS"]
[SourceTitle "playchess.com"]
[Source "ChessBase"]
[SourceQuality "1"]

{[%evp 10,55,35,45,44,8,8,8,15,11,20,24,93,84,87,95,137,141,138,136,106,131,143,141,149,130,128,116,135,68,110,66,689,709,632,625,889,853,923,916,865,855,812,812,29973,5406,5397,5397]} 1. e4 c5 2. Nf3 e6 3. Nc3 Nc6 4. Bb5 Qc7 5. O-O d6 6. Re1 {LiveBook: 3 Games. B30: Sicilian: 2...Nc6 3 Bb5, lines without ...g6} Bd7 7. d4 cxd4 8. Nxd4 {The position is equal.} Nf6 9. Nxc6 (9. Bg5 Be7 10. Qd2 a6 11. Bxc6 Bxc6 12. Rad1 Bd7 13. e5 dxe5 14. Nf3 Rd8 15. Nxe5 Bc8 16. Qf4 Rxd1 17. Rxd1 {½-½ (51) Zozulia,A (2342)-Vovk,A (2540) Cappelle-la-Grande 2012}) 9... Bxc6 10. Bf4 a6 $146 (10... Be7 $11) ({Predecessor:} 10... Rd8 11. Nd5 Nxd5 12. Bxc6+ bxc6 13. exd5 cxd5 14. Qxd5 Be7 15. Qb5+ Rd7 16. Qd3 O-O 17. Rad1 {½-½ (17) Traunecker,T-Woestmann,U Germany 1996}) 11. Bxc6+ $16 Qxc6 {[#]} 12. Nd5 $1 $36 {[%mdl 2048] Keeping Black busy.} O-O-O 13. Nxf6 gxf6 {[#]} 14. c4 $1 h5 15. b4 {[%cal Bb2b4,Bb4b5][%mdl 32]} Bh6 16. b5 Qb6 17. Bxh6 Rxh6 18. bxa6 Qxa6 19. c5 ({White should try} 19. Rb1 $16) 19... d5 $1 $14 20. Rb1 {Black must now prevent Rb6.} Qc6 $2 {[%mdl 8192]} (20... dxe4 $14 21. Qb3 Rd3) 21. Rb6 $18 Qxc5 22. Qb1 Kd7 23. exd5 e5 24. Rc1 Qd4 25. Rxb7+ Ke8 26. Rb8 {Intending Rxd8+ and mate.} Qa7 27. Qb5+ (27. Rxd8+ $142 Kxd8 28. Qb4 Kd7 29. Qf8 Rh7 30. Rc6 Qc7 31. Rxc7+ Kxc7 32. Qe7+ Kb6 33. d6) 27... Qd7 28. Rxd8+ {Precision: White = 76%, Black = 27%.} 1-0